Loading...
| Fine Arts - Visual | 1 | 6 | 0 | 0 | 75 | 63 | 119.14 | 2 | 6 | 0.00 | 0.00 |
| Literature - European | 2 | 4 | 1 | 1 | 65 | 58 | 117.83 | 2 | 5 | 0.00 | 0.00 |
| Literature - British | 1 | 1 | 0 | 0 | 25 | 77 | 94.50 | 2 | 2 | 0.00 | 0.00 |
| Literature - World | 0 | 3 | 2 | 1 | 20 | 122 | 139.00 | 1 | 3 | 0.00 | 0.00 |
| History - Ancient/Other | 1 | 1 | 1 | 0 | 20 | 80 | 101.00 | 1 | 1 | 0.00 | 0.00 |
| Literature - American | 0 | 2 | 0 | 1 | 20 | 147 | 153.00 | 0 | 1 | 0.00 | 0.00 |
| Social Science | 0 | 2 | 1 | 0 | 15 | 95 | 96.00 | 2 | 2 | 0.00 | 0.00 |
| Philosophy | 1 | 0 | 0 | 0 | 15 | 78 | 78.00 | 0 | 1 | 0.00 | 0.00 |
| Science - Other | 0 | 1 | 1 | 0 | 5 | 86 | 86.00 | 1 | 1 | 0.00 | 0.00 |
| History - European | 1 | 0 | 2 | 0 | 5 | 32 | 32.00 | 1 | 1 | 0.00 | 0.00 |
| Geography | 0 | 0 | 1 | 0 | -5 | 0.00 | 0 | 0 | 0.00 | 0.00 | |
| Fine Arts - Other | 0 | 0 | 2 | 0 | -10 | 0.00 | 0 | 0 | 0.00 | 0.00 |